Name 16 Fruits in 30 Seconds - Statistics

General Stats
  • This quiz has been taken 149 times
  • The average score is 9 of 16
Answer Stats
Picture Answer % Correct
banana
94%
orange
94%
pear
93%
apple
92%
strawberry
92%
blueberry
87%
lemon
86%
pomegranate
60%
raspberry
53%
pineapple
33%
fig
29%
apricot
28%
kiwi
28%
grape
12%
starfruit
11%
blackberry
8%
No matching quizzes found
Score Distribution
Percent of People with Each Score
Percentile by Number Answered
Your Score History
You have not taken this quiz